000 00521nam a22001697a 4500
999 _c8303
_d8303
008 201112b ||||| |||| 00| 0 eng d
040 _aBMS College of Architecture
100 _aBommi, B Aditi
245 _aAn alternate perspective
300 _a42p.
500 _a1BM15AT005
502 _8B,Arch
_NBMS College of Architecture, Visvesvaraya Technological University (VTU)
_aProject report
_d2019
650 _aPerspective
700 _aKermen Sen
_eGuide
700 _aSri Ganesh Rajendran
_eGuide
942 _2ddc
_cTHE